000 00470nam a2200145 a 4500
008 120416s1990 ||||||||||||||||| || u
020 _a0412341506
050 _aTA 403 Mat
100 _aAnderson, J. C
245 1 0 _aMaterials science
250 _a4th ed.
260 _aLondon
_bChapman & Hall
_c1990
350 _a0.00
995 _D0.00
_FCBU-MAIN LIBRARY (Kitwe)
_H1
_I30.00
_M1
_UDAMAGED
_ZMain Library Open Access Collection
999 _c50618
_d50618